[Event "ESP-chT Rapid"]
[Site "Ciudad Real"]
[Date "2021.10.10"]
[Round "9.1"]
[White "Ferreira, Jorge Viterbo"]
[Black "Yuffa, Daniil"]
[Result "1/2-1/2"]
[WhiteElo "2516"]
[BlackElo "2562"]
[PlyCount "92"]
[EventDate "2021.10.09"]
[EventType "team-swiss (rapid)"]
[EventRounds "9"]
[EventCountry "ESP"]
[SourceTitle "CBM 204 Extra"]
[Source "ChessBase"]
[SourceDate "2021.11.30"]
[SourceVersion "1"]
[SourceVersionDate "2021.11.30"]
[SourceQuality "1"]
[WhiteTeam "Ourense Deportivo"]
[BlackTeam "Paterna Andreu"]
[WhiteTeamCountry "ESP"]
[BlackTeamCountry "ESP"]

1. e4 c5 2. Nf3 d6 3. Bb5+ Nd7 4. Ba4 Ngf6 5. 0-0 g6 6. Re1 Bg7 7. c3 0-0 8. d4 e5 9. dxe5 Nxe5 10. Nxe5 dxe5 11. Qxd8 Rxd8 12. Bg5 Be6 13. Nd2 h6 14. Be3 c4 15. f3 a6 16. Bc2 b5 17. Rad1 Bf8 18. Kf2 a5 19. Nb1 Nd7 20. Ke2 Nc5 21. Rxd8 Rxd8 22. Rd1 Rb8 23. a3 f5 24. exf5 gxf5 25. g4 fxg4 26. Rg1 h5 27. h3 b4 28. axb4 axb4 29. fxg4 hxg4 30. hxg4 bxc3 31. bxc3 Rb2 32. Kd1 Nd3 33. Nd2 Bd5 34. g5 Bg7 35. Rg4 Ra2 36. Ne4 Kf7 37. g6+ Ke6 38. Kd2 Ne1 39. Ng5+ Kd6 40. Nf7+ Ke7 41. Bg5+ Kd7 42. Kxe1 Rxc2 43. Bh6 Bf6 44. Bg5 Bg7 45. Bh6 Bf6 46. Bg5 Bg7 1/2-1/2